000 00982nam a22002057a 4500
999 _c16784
_d16784
003 AR-CdUCM
008 190506b ||||| |||| 00| 0 spa d
040 _aMUNICIPALIDAD PROVINCIAL DEL CUSCO
_cBIBLIOTECA MUNICIPAL DEL CUSCO
082 _a913.85 /
_bB72
100 _aBonavia Berber, Duccio
_916678
245 _aEnseñanza de la arqueología en el Perú :
_binforme evaluativo /
260 _aLima :
_bAsociación Peruana para el Fomento de las Ciencias Sociales,
_c1992.
300 _a289 páginas ;
_bCuadros informativos,
_c29 cm.
505 _aContenido: Evaluación de los estudios de arqueología en el país que cuenta con 6 escuelas universitarias a nivel nacional. Observa que ha bajado el nivel de los estudios, por la falta de preparación de los profesores y la poca participación en trabajos de investigación.
650 _aArqueología
_9371
650 _aPerú
_935
650 _aEstudio y enseñanza
_92610
942 _2ddc
_cLIBROS
945 _adavv
_d06/05/2019